|
|
|
|
| LEADER |
00000nam a2200000 i 4500 |
| 001 |
ELB114913 |
| 003 |
FINmELB |
| 005 |
20200311104649.0 |
| 006 |
m o d | |
| 007 |
cr cnu|||||||| |
| 008 |
170903s2004 sp o 001 0 spa d |
| 020 |
|
|
|a 9788499102160
|q (e-book)
|
| 035 |
|
|
|a (OCoLC)1145077365
|
| 040 |
|
|
|a FINmELB
|b spa
|e rda
|c FINmELB
|
| 050 |
|
4 |
|a GV943.9.T7
|b E385 2004
|
| 080 |
|
|
|a 796.015.5:615.84
|
| 082 |
0 |
|
|a 796.334
|2 23
|
| 245 |
0 |
3 |
|a La electroestimulación :
|b entrenamiento y periodización : aplicación práctica al futbol y 45 deportes /
|c Manuel Pombo Fernández [y otros 3].
|
| 264 |
|
1 |
|a Badalona :
|b Editorial Paidotribo México,
|c [2004]
|
| 300 |
|
|
|a 1 recurso en línea (178 páginas sin numerar)
|
| 336 |
|
|
|a texto
|b txt
|2 rdacontent/spa
|
| 337 |
|
|
|a computadora
|b c
|2 rdamedia/spa
|
| 338 |
|
|
|a recurso en línea
|b cr
|2 rdacarrier/spa
|
| 500 |
|
|
|a Contiene índice.
|
| 588 |
|
|
|a Descripción basada en metadatos suministrados por el editor y otras fuentes.
|
| 590 |
|
|
|a Recurso electrónico. Santa Fe, Arg.: elibro, 2020. Disponible vía World Wide Web. El acceso puede estar limitado para las bibliotecas afiliadas a elibro.
|
| 650 |
|
0 |
|a Soccer
|x Training.
|
| 650 |
|
4 |
|a Fútbol
|x Entrenamiento.
|
| 650 |
|
0 |
|a Physical therapy.
|
| 650 |
|
4 |
|a Fisioterapia.
|
| 655 |
|
4 |
|a Libros electrónicos.
|
| 700 |
1 |
|
|a Pombo Fernández, Manuel.
|
| 797 |
2 |
|
|a elibro, Corp.
|
| 856 |
4 |
0 |
|u https://elibro.uam.elogim.com/ereader/bidiuam/114913
|z Texto completo
|
| 950 |
|
|
|a eLibro Interés General
|
| 950 |
|
|
|a eLibro Cátedra España
|
| 950 |
|
|
|a eLibro Cátedra
|